000 00892nam a22002417a 4500
999 _c18597
_d18597
003 AR-CdUCM
008 190514b ||||| |||| 00| 0 spa d
020 _a968-6599-23-1
040 _aMUNICIPALIDAD PROVINCIAL DEL CUSCO
_cBIBLIOTECA MUNICIPAL DEL CUSCO
041 _heng
082 _23ed
_a327.980 /
_bP825
100 _aPope Atkins, G.
_939278
245 _aAmérica Latina en el sistema político internacional /
260 _aMéxico :
_bGernika,
_c1992.
300 _a515 páginas ;
_c22 cm.
505 _aContenido: Marco de referencia para el análisis -- El sistema político internacional -- El subsistente regional latinoamericano...
650 _aPolítica internacional
_91555
650 _aAmérica del sur
_9742
650 _aSistemas políticos
_939279
700 _aMartinez Conde, Elsa Ruth (traducción)
_939280
942 _2ddc
_cLIBROS
945 _adavv
_d2019-05-14